000
00259nam a22001097a 4500
008
170123b xxu||||| |||| 00| 0 eng d
020
_a
9780132243551
041
_a
eng
080
_2
7TH
_a
618.2
245
_a
CLINICAL NURSING SKILLS
_c
SMITH, S.F
942
_2
udc
_c
BK
999
_c
3349
_d
3349